000 00993nam a2200253 a 4500
001 000048632
005 20260305073959.0
008 190404s2014 dr ac 000 0 spa d
020 _a9789945008739
040 _aDO-SdBNP
_bspa
_cBNPHU
041 1 _aspa
_beng
082 _axxx
_bG377v
100 1 _aGerón, Candido,
_d1948-
_93577
245 1 0 _a24 maestros del arte dominicano = 24 masters of the dominican art /
_cCándido Gerón, Luis Desangles Sibilly, Abelardo Rodríguez Urdaneta...[et al] ; traducción John Miller ; fotografía Cándido Alexander Araújo Batista.
260 _aSanto Domingo :
_bCentenario,
_c2014.
300 _a280 p. :
_bil., retrs. ;
_c31 cm.
500 _aLibro de pasta dura.
500 _aLibro en español e ingles.
590 _aInventariado, 2019/ YL
700 1 2 _aAraújo Batista, Cándido Alexander
_efot.
_976058
700 1 2 _aMiller, John
_etrad.
_976079
700 1 2 _aDesangles Sibilly, Luis
_976080
700 1 2 _aRodríguez Urbaneta, Abelardo
_976081
999 _c48120
_d48120